000 00426nam a2200181Ia 4500
008 170705s9999 xx 000 0 und d
020 _a9780439876476
245 _aCool penguins /
245 _cJeff Bauer.
260 _aNew York :
260 _bScholastic,
260 _c2007
300 _a24 pages :
300 _bcolor illustration ;
300 _c23cm.
440 _aScience vocabulary readers.
500 _a610
999 _c336125
_d336125